Praxis/ (Record no. 3812)

MARC details
000 -LEADER
campo de control de longitud fija 01620nam a22003737a 4500
003 - IDENTIFICADOR DE NÚMERO DE CONTROL
campo de control OSt
005 - FECHA Y HORA DE LA ÚLTIMA TRANSACCIÓN
campo de control 20230607132659.0
008 - DATOS DE LONGITUD FIJA--INFORMACIÓN GENERAL
campo de control de longitud fija 221006b |||||||| |||| 00| 0 eng d
040 ## - FUENTE DE CATALOGACIÓN
Centro/agencia transcriptor Biblioteca Lado V
082 ## - NÚMERO DE LA CLASIFICACIÓN DECIMAL DEWEY
Número de clasificación 105
Número de ítem P919p
130 ## - ENTRADA PRINCIPAL--TÍTULO UNIFORME
Título uniforme Praxis
Lenguaje de la obra spa
245 ## - MENCIÓN DEL TÍTULO
Título Praxis/
Resto del título Departamento de Filosofía/
260 ## - PUBLICACIÓN, DISTRIBUCIÓN, ETC.
Lugar de publicación, distribución, etc. Universidad Nacional Costa Rica
Fecha de publicación, distribución, etc. 2005
Nombre del editor, distribuidor, etc. Costa Rica
300 ## - DESCRIPCIÓN FÍSICA
Dimensiones 17x24cm
Extensión 200p.
366 ## - INFORMACIÓN SOBRE DISPONIBILIDAD COMERCIAL
Nota spa
490 ## - MENCIÓN DE SERIE
Mención de serie 56
Designación de volumen o secuencia 2005
Número Internacional Normalizado para Publicaciones Seriadas 1409 3090
505 ## - NOTA DE CONTENIDO CON FORMATO
Título Introduccion
505 ## - NOTA DE CONTENIDO CON FORMATO
Título La educación agrícola superior latinoamericana entre la globalización
505 ## - NOTA DE CONTENIDO CON FORMATO
Título Los desafíos de la universidad contemporánea
505 ## - NOTA DE CONTENIDO CON FORMATO
Título Globalización, identidad cultural y universidad
505 ## - NOTA DE CONTENIDO CON FORMATO
Título critica de la razón topología
505 ## - NOTA DE CONTENIDO CON FORMATO
Título La universidad publica frente a los desafíos de inicios de milenio
505 ## - NOTA DE CONTENIDO CON FORMATO
Título Repensando la Universidad Necesaria en tiempos de globalización
505 ## - NOTA DE CONTENIDO CON FORMATO
Título Aspectos estratégicos de la investigación y el conocimiento
505 ## - NOTA DE CONTENIDO CON FORMATO
Título Interdisciplinariedad, cultural organizacional equipos académicos
505 ## - NOTA DE CONTENIDO CON FORMATO
Título El mundo globalizado y su efecto en las universidades
505 ## - NOTA DE CONTENIDO CON FORMATO
Título La vinculación Universidad PYMES en la época de la globalización económica
650 ## - PUNTO DE ACCESO ADICIONAL DE MATERIA--TÉRMINO DE MATERIA
Fuente del encabezamiento o término Tesauro de Arte & Arquitectura
Término de materia o nombre geográfico como elemento de entrada FILOSOFIA
9 (RLIN) 703
650 ## - PUNTO DE ACCESO ADICIONAL DE MATERIA--TÉRMINO DE MATERIA
Fuente del encabezamiento o término Tesauro de Arte & Arquitectura
Término de materia o nombre geográfico como elemento de entrada EDUCACION UNIVERSITARIA
9 (RLIN) 702
650 ## - PUNTO DE ACCESO ADICIONAL DE MATERIA--TÉRMINO DE MATERIA
Fuente del encabezamiento o término Tesauro de Arte & Arquitectura
Término de materia o nombre geográfico como elemento de entrada GLOBALIZACION
9 (RLIN) 702
650 ## - PUNTO DE ACCESO ADICIONAL DE MATERIA--TÉRMINO DE MATERIA
Fuente del encabezamiento o término Tesauro de Arte & Arquitectura
Término de materia o nombre geográfico como elemento de entrada INVESTIGACION
700 ## - ENTRADA AGREGADA--NOMBRE PERSONAL
Nombre de persona Navarreta, Jose Antonio
Término indicativo de función/relación editor
942 ## - ELEMENTOS DE ENTRADA SECUNDARIOS (KOHA)
Fuente del sistema de clasificación o colocación Clasificación Decimal Dewey
Tipo de ítem Koha Libros
Parte de la signatura que corresponde a la clasificación (Parte de la clasificación) 105
Parte de la signatura que identifica el ejemplar (Parte del ítem) P919p
Suprimir en OPAC No
Holdings
Estatus retirado Estado de pérdida Fuente del sistema de clasificación o colocación Especificación de materiales (volumen encuadernado u otra parte) Estado de daño No para préstamo Colección Biblioteca de origen Biblioteca actual Fecha de adquisición Enumeración/cronología de publicación seriada Número de inventario Total de préstamos Signatura topográfica completa Código de barras Visto por última vez Precio de reemplazo Tipo de ítem Koha
    Clasificación Decimal Dewey 2005     Revistas Biblioteca LadoV Biblioteca LadoV 07/06/2023 56 003461   105 P919p 003461 07/06/2023 07/06/2023 Libros